000 00821nac a22002531i 4500
003 EG-ScBUE
005 20260401101815.0
008 260401t1990 vauab f b 001 0 eng d
020 _a0809476835
040 _aEG-ScBUE
_beng
_erda
_cEG-ScBUE
_dEG-ScBUE
082 0 4 _a550
_222
_bFOR
245 0 0 _aForces of nature /
_cby the editors of Time-Life Books.
264 1 _aAlexandria, Va. :
_bTime-Life Books,
_c[1990]
264 4 _cc1990
300 _a143 pages :
_billustrations (some color), col.or maps ;
_c29 cm
336 _2rdacontent
_atext
_btxt
337 _aunmediated
_2rdamedia
_bn
338 _avolume
_bnc
_2rdacarrier
504 _aIncludes bibliographical references and index.
650 0 _aScience
_xMiscellanea.
_2BUEsh
650 7 _aNature
_xMiscellanea.
_2BUEsh
655 _vReading book
942 _cBB
_2ddc
999 _c6171
_d6171